000 01871nam0a2200385 4500
001 RU\NLR\BIBL_A\012794107
005 20260408213413.0
010 _a978-5-903406-77-7
_92000
035 _a(NLR Aleph) 012794107
090 _a13161854
_c13161854
100 _a20220520d2021 |||y0rusy50 ca
101 0 _arus
_aeng
102 _aRU
105 _aach|z|||001zy
181 0 _ab3
_bxb2e
181 0 _ai1
_baxxe
182 0 _an
200 1 _aСоветский политический плакат, 1918-1940
_dSoviet political posters, 1918-1940
_eальбом
_e[на русском и английском языках]
_fПавел Снопков, Александр Шклярук
_gавтор текста: Александр Федорович Шклярук
_zeng
203 _aИзображение
_aТекст
_bвизуальные
_cнепосредственные
210 _aМосква
_cКонтакт-Культура
_d2021
215 _a317, [2] с.
_cцв. ил., портр., факс.
_d24
300 _aНа обл. авт. не указаны
320 _aУказ. произведений: с. 312-318
510 1 _6z11790
_aSoviet political posters, 1918-1940
_zeng
606 _aПлакат политический
_yСССР
_z1918 - 1940
_jАльбомы
_3RU\NLR\AUTH\6601706039
_92516167
686 1 _aЩ153(2)7-466.4я61
700 1 _aСнопков
_bП. А.
_gПавел Александрович
701 1 _aШклярук
_bА. Ф.
_f1947-
_gАлександр Фёдорович
790 1 _6z11
_aSnopkov
_bP. A.
_gPavel Aleksandrovič
790 1 _6z11
_6z11510
_aŠkljaruk
_bA. F.
_f1947-
_gAleksandr Fjodorovič
942 _cBOOK
980 _aNB